Cuộc đời dài lắm Tiểu thuyết

שמור ב:
מידע ביבליוגרפי
מחבר ראשי: Chu Lai (Tác giả)
פורמט: ספר
שפה:Vietnamese
יצא לאור: H. Nxb. Hội Nhà văn 2003
נושאים:
תגים: הוספת תג
אין תגיות, היה/י הראשונ/ה לתייג את הרשומה!
Thư viện lưu trữ: Mạng thư viện Đại học Đà Nẵng
LEADER 01062nam a2200337 4500
001 000005955
003 2108
005 20120510100554.0
008 110826s2003 viesd
020 |c 57000đ 
041 0 |a vie 
082 |a 895.9223  |b CH-L 
100 0 |a Chu Lai 
245 0 |a Cuộc đời dài lắm  |b Tiểu thuyết  |c Chu Lai 
260 |a H.  |b Nxb. Hội Nhà văn  |c 2003 
300 |a 559 tr  |c 21 cm 
653 |a Văn học hiện đại 
653 |a Việt Nam 
653 |a Tiểu thuyết 
700 |a Chu Lai  |e Tác giả 
910 |a Nguyễn Thị Kim Oanh  |d 26/08/2011 
OWN |a LSP 
AVA |a UDN50  |b LSP  |d 895.9223 CH-L  |e available  |t Error 5001 Not defined in file expand_doc_bib_avail.  |f 2  |g 0  |h N  |i 0  |k 1 
999 |a From the UDN01 
AVA |a UDN50  |b LSP  |d 895.9223 CH-L  |e available  |t Error 5001 Not defined in file expand_doc_bib_avail.  |f 2  |g 0  |h N  |i 0  |k 1 
TYP |a Monograph 
TYP |a Printed language 
980 |a Mạng thư viện Đại học Đà Nẵng